000 00451nam a2200181Ia 4500
008 090123s9999 xx 000 0 und d
082 _b579
_a891.463/मधुक
100 _aमधुकर
245 _aरिंगण
250 _a1
260 _bबेहेरे पु.वि.
300 _a173
600 _aमधुकर
630 _aरिंगण
700 _aमधुकर
730 _aरिंगण
942 _cBOOK
999 _c38666
_d38666